|
|
|
|
| LEADER |
01899nam a2200481 a 4500 |
| 001 |
nkc20071783018 |
| 003 |
CZ PrNK |
| 005 |
20080303155131.0 |
| 007 |
ta |
| 008 |
071212s2007 xr a e p 000 0 cze |
| 015 |
|
|
|a cnb001783018
|
| 020 |
|
|
|a 978-80-245-1264-8
|q (brož.) :
|c Kč 124,00
|
| 035 |
|
|
|a (OCoLC)228501628
|
| 040 |
|
|
|a OLA001
|b cze
|d ABA001
|
| 072 |
|
7 |
|a 005
|x Management. Řízení
|2 Konspekt
|9 4
|
| 072 |
|
7 |
|a 37.016
|x Učební osnovy. Vyučovací předměty. Učebnice
|2 Konspekt
|9 22
|
| 080 |
|
|
|a 005.56
|2 MRF
|
| 080 |
|
|
|a 005.71-025.27
|2 MRF
|
| 080 |
|
|
|a (075.8)
|2 MRF
|
| 100 |
1 |
|
|a Mareš, David,
|d 1977-
|7 mzk2007430827
|4 aut
|
| 245 |
1 |
0 |
|a Kooperativní strategie - klastry a podnikatelské sítě - /
|c David Mareš
|
| 246 |
3 |
0 |
|a Klastry a podnikatelské sítě
|
| 250 |
|
|
|a Vyd. 1.
|
| 260 |
|
|
|a Praha :
|b Oeconomica,
|c 2007
|
| 300 |
|
|
|a 93 s. :
|b il. ;
|c 30 cm
|
| 500 |
|
|
|a Nad názvem: Vysoká škola ekonomická v Praze, Fakulta podnikohospodářská
|
| 500 |
|
|
|a 200 výt.
|
| 504 |
|
|
|a Obsahuje bibliografii
|
| 521 |
8 |
|
|a Určeno pro studium na VŠE v Praze
|
| 550 |
|
|
|a Vydavatel: Vysoká škola ekonomická v Praze
|
| 650 |
0 |
7 |
|a kooperace podniků
|7 ph269100
|2 czenas
|
| 650 |
0 |
7 |
|a klastry (ekonomie)
|7 ph331142
|2 czenas
|
| 650 |
0 |
9 |
|a cooperation of business enterprises
|2 eczenas
|
| 650 |
0 |
9 |
|a industrial clusters
|2 eczenas
|
| 655 |
|
7 |
|a učebnice vysokých škol
|7 fd133772
|2 czenas
|
| 655 |
|
9 |
|a textbooks (higher)
|2 eczenas
|
| 710 |
2 |
|
|a Vysoká škola ekonomická v Praze.
|b Podnikohospodářská fakulta
|7 kn20010709402
|
| 856 |
4 |
1 |
|u http://www.digitalniknihovna.cz/mzk/uuid/uuid:22b1cb00-85db-11e9-852b-005056827e51
|y Digitalizovaný dokument
|x NDK
|
| 910 |
2 |
|
|a BOA001
|b 3-1195.948
|
| 990 |
|
|
|a BK
|
| 995 |
|
|
|a 01
|
| 991 |
|
|
|b 200801
|c NOV
|
| 996 |
6 |
|
|b 2610329301
|c 3-1195.948
|l MZK
|r Sklad / do 1 hodiny
|n 16
|p p.v.
|w 000879625
|u 000010
|a 1
|e BOA001
|j MZK50
|s P
|